[Event "Superettan(Kamraterna-Solna)"]
[Site "?"]
[Date "2015.11.06"]
[Round "1"]
[White "Johansson, Gunnar"]
[Black "Aberg, Anton"]
[Result "1-0"]
[WhiteElo "2228"]
[BlackElo "2393"]
[PlyCount "81"]
[EventDate "2015.??.??"]
1. d4 d5 2. c4 c6 3. Nf3 Nf6 4. e3 a6 5. Bd3 Bg4 6. Nbd2 e6 7. Qc2 Nbd7 8. b3
Be7 9. Bb2 Bh5 10. O-O Bg6 11. Bxg6 hxg6 12. Ne5 Qc7 13. Rae1 Nxe5 14. dxe5
O-O-O 15. h3 Nd7 16. f4 Kb8 17. Bc3 Qb6 18. Kh1 a5 19. Re2 Bb4 20. Qb2 Bxc3 21.
Qxc3 Nc5 22. Rc1 Qa6 23. Kh2 Ne4 24. Nxe4 dxe4 25. Rd2 Rxd2 26. Qxd2 Qb6 27.
Rd1 Qc5 28. Kg3 f6 29. Qd6+ Qxd6 30. Rxd6 Re8 31. Rd7 g5 32. fxg5 fxe5 33. g6
Rg8 34. h4 Ka7 35. h5 Kb6 36. Kg4 a4 37. Kg5 a3 38. Rxg7 Rd8 39. h6 Rd2 40. h7
Rxg2+ 41. Kf6 1-0

[Event "Superettan(Upsala-Rockaden,Sthlm II)"]
[Site "?"]
[Date "2015.11.06"]
[Round "1"]
[White "Backman, Michael"]
[Black "Johansson, Jan"]
[Result "0-1"]
[WhiteElo "2101"]
[BlackElo "2384"]
[PlyCount "128"]
[EventDate "2015.??.??"]
1. d4 Nf6 2. c4 e6 3. Nc3 Bb4 4. Qc2 O-O 5. Nf3 c5 6. dxc5 Na6 7. g3 Nxc5 8.
Bg2 d5 9. O-O Bd7 10. cxd5 exd5 11. Rd1 Rc8 12. Ne5 Be6 13. Rd4 Bxc3 14. Qxc3
Nfe4 15. Qe1 Qb6 16. Rb4 Qd6 17. Nd3 Nxd3 18. exd3 Nc5 19. Rd4 Rfe8 20. Be3 Qa6
21. Qd1 Qd6 22. Qh5 Nd7 23. Rh4 Nf8 24. Re1 f6 25. Rd4 Rcd8 26. Rc1 Bf7 27. Qd1
Qe5 28. Qa4 a6 29. Qa5 Rd7 30. Rc5 Red8 31. Rb4 Qe7 32. Rc1 Kh8 33. Bc5 Qe6 34.
Bf3 Rc8 35. Bg4 f5 36. Rb6 Qe5 37. Bf3 Ne6 38. Be3 Rxc1+ 39. Bxc1 Nd4 40. Bd1
Re7 41. Be3 Nc6 42. Qc5 h6 43. Bf3 d4 44. Rxc6 bxc6 45. Bxd4 Qxc5 46. Bxc5 Re1+
47. Kg2 Bd5 48. Bxd5 cxd5 49. Kf3 g6 50. Be3 Kg7 51. Kf4 Kf6 52. Bd4+ Ke6 53.
h4 g5+ 54. hxg5 hxg5+ 55. Kxg5 Rd1 56. Kf4 Rxd3 57. Bc3 d4 58. Bb4 Rd1 59. Kf3
Kd5 60. Kf4 Rf1 61. f3 Rf2 62. Ba3 a5 63. Be7 d3 64. Ke3 Re2+ 0-1

[Event "Superettan(Rockaden,Umea-Vaxjo)"]
[Site "?"]
[Date "2015.11.06"]
[Round "1"]
[White "Rydstrom, Tom"]
[Black "Forsberg, Viktor"]
[Result "1/2-1/2"]
[WhiteElo "2334"]
[BlackElo "2361"]
[PlyCount "118"]
[EventDate "2015.??.??"]
1. e4 e5 2. Nf3 Nc6 3. Bc4 Bc5 4. c3 Nf6 5. d3 O-O 6. Nbd2 d6 7. Bb3 Ne7 8. Nf1
Ng6 9. Ng3 Bb6 10. O-O c6 11. h3 Re8 12. Re1 h6 13. d4 Be6 14. d5 cxd5 15. exd5
Bd7 16. Bc2 Qc7 17. Bxg6 fxg6 18. Qd3 e4 19. Nxe4 Nxe4 20. Rxe4 Bf5 21. Rxe8+
Rxe8 22. Qd1 Qc4 23. Be3 Bxe3 24. fxe3 Be4 25. Qd4 Qxd5 26. Qxd5+ Bxd5 27. Kf2
Bxf3 28. Kxf3 Kf7 29. Rd1 Ke6 30. Rd4 d5 31. c4 Rf8+ 32. Ke2 dxc4 33. Rxc4 Rf5
34. Rc7 Rb5 35. b3 Kf6 36. Kd3 a6 37. Kc4 h5 38. Rc5 Rb6 39. b4 Re6 40. Kd4 Re7
41. a4 Rd7+ 42. Rd5 Rc7 43. h4 Rc2 44. Rg5 Rb2 45. Kc3 Re2 46. Kd3 Rb2 47. Kc3
Re2 48. Rg3 g5 49. Rxg5 Rxe3+ 50. Kd4 Rb3 51. Kc4 Rb2 52. Rxh5 Rxg2 53. Kc5 Rg4
54. a5 Re4 55. Rh8 Re5+ 56. Kc4 Re4+ 57. Kc5 Re5+ 58. Kc4 Re4+ 59. Kc5 Re5+
1/2-1/2

[Event "Superettan(Kamraterna-Solna)"]
[Site "?"]
[Date "2015.11.06"]
[Round "1"]
[White "Andreasson, Ingvar"]
[Black "Steneskog, Per"]
[Result "1-0"]
[WhiteElo "2353"]
[BlackElo "2198"]
[PlyCount "41"]
[EventDate "2015.??.??"]
1. Nf3 d5 2. g3 c5 3. Bg2 Nc6 4. O-O Bg4 5. h3 Bh5 6. c4 e6 7. cxd5 exd5 8. d4
h6 9. dxc5 Bxc5 10. Qb3 Bb6 11. Be3 Bxe3 12. Qxe3+ Qe7 13. Qb3 Nf6 14. Nc3
O-O-O 15. Rfd1 d4 16. Nb5 Qxe2 17. g4 Bg6 18. Nfxd4 Nxd4 19. Nxd4 Qa6 20. Rac1+
Kd7 21. Nc6+ 1-0

[Event "Superettan(Upsala-Rockaden,Sthlm II)"]
[Site "?"]
[Date "2015.11.06"]
[Round "1"]
[White "Thorgeirsson, Sverrir"]
[Black "Nikolic, Vladan"]
[Result "1-0"]
[WhiteElo "2255"]
[BlackElo "2050"]
[PlyCount "103"]
[EventDate "2015.??.??"]
1. d4 Nf6 2. Nf3 g6 3. Bg5 Ne4 4. Bf4 Bg7 5. Nbd2 d5 6. e3 Bg4 7. Be2 Nxd2 8.
Qxd2 Nd7 9. h3 Bxf3 10. Bxf3 c6 11. O-O O-O 12. Rac1 e5 13. Bg3 h5 14. c3 Re8
15. Rfd1 Qa5 16. b3 Qd8 17. Qc2 Qe7 18. Qb1 Rad8 19. c4 exd4 20. exd4 dxc4 21.
bxc4 Nb6 22. d5 cxd5 23. cxd5 Be5 24. Re1 Qd6 25. Qb5 Re7 26. Qc5 Bxg3 27. Rxe7
Qxc5 28. Rxc5 Bd6 29. Rec7 Bxc7 30. Rxc7 Rd7 31. d6 Rxd6 32. Rxb7 Rd7 33. Kf1
Rxb7 34. Bxb7 h4 35. Ke2 Kf8 36. Kf3 g5 37. Kg4 f6 38. f4 gxf4 39. Kxh4 Na4 40.
Kg4 Nc3 41. a3 a5 42. Kxf4 a4 43. Be4 Kg7 44. Ke3 Kh6 45. Kd4 Ne2+ 46. Kc4 Kg5
47. Bc6 Nf4 48. Kb4 Kh4 49. Kxa4 Kg3 50. Kb3 Nxg2 51. Bxg2 Kxg2 52. a4 1-0

[Event "Superettan(Rockaden,Umea-Vaxjo)"]
[Site "?"]
[Date "2015.11.06"]
[Round "1"]
[White "Wickstrom, Lucas"]
[Black "Bromann, Thorbjorn"]
[Result "1/2-1/2"]
[WhiteElo "2361"]
[BlackElo "2453"]
[PlyCount "146"]
[EventDate "2015.??.??"]
1. d4 e6 2. Nf3 f5 3. g3 Nf6 4. Bg2 d5 5. O-O Bd6 6. b3 Qe7 7. c4 c6 8. a4 O-O
9. Ba3 Bxa3 10. Nxa3 Nbd7 11. Nc2 dxc4 12. bxc4 e5 13. dxe5 Nxe5 14. Nxe5 Qxe5
15. Ra3 f4 16. gxf4 Qxf4 17. Qd4 Ng4 18. Rg3 Qxd4 19. Nxd4 Rd8 20. e3 Ne5 21.
Rc1 a5 22. c5 Bd7 23. Rb1 Rab8 24. Be4 Re8 25. Bc2 Kh8 26. f4 Nf7 27. e4 g5 28.
f5 h6 29. Rgb3 Nd8 30. Nf3 g4 31. Nh4 Kg7 32. Rd1 Bc8 33. e5 Nf7 34. e6 Ng5 35.
Ng2 Nh3+ 36. Kf1 Kf6 37. Ne3 h5 38. Nc4 Kg5 39. Nd6 Re7 40. Nf7+ Kf6 41. Rd8
Nf4 42. Nd6 Bxe6 43. Rxb8 Bxb3 44. Bxb3 Nd3 45. Rf8+ Kg5 46. Rg8+ Kf4 47. Re8
Rxe8 48. Nxe8 Nxc5 49. f6 Nd7 50. f7 h4 51. Nd6 b6 52. Nc4 b5 53. Nxa5 bxa4 54.
Bxa4 Nf8 55. Bxc6 Ke3 56. Kg2 Kf4 57. Nc4 Kf5 58. Bd5 Kf4 59. Nb2 Ke5 60. Bb3
Ke4 61. Bd1 Kf5 62. Nd3 Ke6 63. Bb3+ Kf5 64. Nc5 Kf6 65. Bc4 Ke7 66. Ne4 Ng6
67. Ng5 Kf6 68. Ne4+ Ke7 69. Nc5 Nf4+ 70. Kf1 g3 71. h3 g2+ 72. Kg1 Nxh3+ 73.
Kxg2 Ng5 1/2-1/2

[Event "Superettan(Kamraterna-Solna)"]
[Site "?"]
[Date "2015.11.06"]
[Round "1"]
[White "Lindborg, Petter"]
[Black "Svensson, Bengt"]
[Result "1/2-1/2"]
[WhiteElo "2227"]
[BlackElo "2342"]
[PlyCount "43"]
[EventDate "2015.??.??"]
1. d4 d5 2. c4 dxc4 3. e4 e5 4. Nf3 exd4 5. Bxc4 Bb4+ 6. Nbd2 Nc6 7. O-O Nf6 8.
e5 Nd5 9. Nb3 Nb6 10. Bb5 Qd5 11. Bxc6+ Qxc6 12. Bd2 Be7 13. Rc1 Qg6 14. Nfxd4
c6 15. f4 Qe4 16. Qf3 Qxf3 17. Rxf3 Be6 18. f5 Bxb3 19. Nxb3 O-O-O 20. Re1 Rd5
21. Re4 Rhd8 22. Bc3 1/2-1/2

[Event "Superettan(Upsala-Rockaden,Sthlm II)"]
[Site "?"]
[Date "2015.11.06"]
[Round "1"]
[White "Berglind, Axel"]
[Black "Cederberg, Karl Olof"]
[Result "1/2-1/2"]
[WhiteElo "2078"]
[BlackElo "2206"]
[PlyCount "73"]
[EventDate "2015.??.??"]
1. c4 e5 2. Nc3 Nc6 3. g3 f5 4. Bg2 Nf6 5. e3 d5 6. Nxd5 Nxd5 7. cxd5 Nb4 8. d3
Nxd5 9. Nf3 Bd6 10. O-O c6 11. e4 fxe4 12. dxe4 Nf6 13. h3 Qe7 14. Qc2 O-O 15.
Bd2 Bd7 16. Bc3 b5 17. b4 a5 18. Qb2 Rae8 19. bxa5 Nxe4 20. Rad1 Nxc3 21. Qxc3
Bb4 22. Qxe5 Bxa5 23. Qxe7 Rxe7 24. Ne5 Rxe5 25. Rxd7 Rf6 26. Rc1 Re1+ 27. Rxe1
Bxe1 28. f4 Bxg3 29. Rc7 Bxf4 30. Rc8+ Kf7 31. Bxc6 Be3+ 32. Kg2 b4 33. Bd5+
Kg6 34. Rc6 Bf4 35. Be4+ Kh6 36. Rxf6+ gxf6 37. Kf3 1/2-1/2

[Event "Superettan(Rockaden,Umea-Vaxjo)"]
[Site "?"]
[Date "2015.11.06"]
[Round "1"]
[White "Aabling-Thomsen, Jakob"]
[Black "Petrov, Marijan"]
[Result "0-1"]
[WhiteElo "2350"]
[BlackElo "2478"]
[PlyCount "138"]
[EventDate "2015.??.??"]
1. e4 g6 2. d4 Bg7 3. Nc3 d6 4. Be3 a6 5. h3 b5 6. g4 Nd7 7. Bg2 Bb7 8. Nge2 b4
9. Na4 e5 10. d5 c5 11. a3 a5 12. Ng3 Ne7 13. h4 Ba6 14. h5 Nc8 15. Bf1 Bxf1
16. Kxf1 Ncb6 17. axb4 axb4 18. Nxb6 Nxb6 19. b3 Bf6 20. Rxa8 Qxa8 21. g5 Bg7
22. Kg2 Nd7 23. Qe2 Ke7 24. h6 Bf8 25. f4 Ke8 26. Qb5 Be7 27. fxe5 dxe5 28. d6
Bxd6 29. Rd1 Ke7 30. Rd5 Rc8 31. Qf1 Qc6 32. Qf3 c4 33. Nf1 cxb3 34. cxb3 Qc2+
35. Nd2 Rc3 36. Kg3 Rd3 37. Rxd3 Qxd3 38. Kg2 Qc2 39. Kg3 Qc3 40. Kf2 Bc7 41.
Ke2 Bd6 42. Qf1 Bc5 43. Bxc5+ Qxc5 44. Qa1 f6 45. gxf6+ Nxf6 46. Qa8 Ng4 47.
Kf3 Qe3+ 48. Kxg4 Qf4+ 49. Kh3 Qxh6+ 50. Kg3 Qf4+ 51. Kh3 Qe3+ 52. Kh4 Qf2+ 53.
Kh3 Qxd2 54. Qh8 Qe3+ 55. Kh2 Qf4+ 56. Kh3 h5 57. Qa8 Qf3+ 58. Kh2 Qxb3 59.
Qa7+ Kf6 60. Qf2+ Kg7 61. Qa7+ Qf7 62. Qa8 Qf2+ 63. Kh1 Qf3+ 64. Kh2 b3 65.
Qb7+ Kh6 66. Qb4 h4 67. Qb8 Qf4+ 68. Kg1 Qxe4 69. Qxb3 Qe1+ 0-1

[Event "Superettan(Kamraterna-Solna)"]
[Site "?"]
[Date "2015.11.06"]
[Round "1"]
[White "Madebrink, Lars"]
[Black "Lundvik, Jonas"]
[Result "1-0"]
[WhiteElo "2195"]
[BlackElo "2194"]
[PlyCount "78"]
[EventDate "2015.??.??"]
1. c4 Nf6 2. Nc3 d5 3. cxd5 Nxd5 4. g3 g6 5. Bg2 Nxc3 6. bxc3 Bg7 7. Rb1 O-O 8.
Rxb7 Bxb7 9. Bxb7 Nd7 10. Bxa8 Qxa8 11. f3 Qd5 12. Qa4 Nc5 13. Qc2 Rd8 14. Nh3
Bh6 15. Nf2 Rd6 16. O-O Ra6 17. c4 Qd7 18. Kg2 Qa4 19. Qc3 Bg7 20. Qe3 Ne6 21.
Ne4 Qxc4 22. Nc3 Bd4 23. Qe4 f5 24. Qa8+ Kf7 25. Bb2 Rb6 26. Ba1 h5 27. e3 Bc5
28. Qh8 Qd3 29. Ne4 Ba3 30. Qh7+ Kf8 31. Bg7+ Nxg7 32. Qh8+ Kf7 33. Ng5+ Kf6
34. Qf8+ Ke5 35. Qxg7+ Kd5 36. Rf2 Rf6 37. Qg8+ Kc6 38. Nf7 Kb7 39. Ne5 Qc2 1-0

[Event "Superettan(Upsala-Rockaden,Sthlm II)"]
[Site "?"]
[Date "2015.11.06"]
[Round "1"]
[White "Malm Lindberg, Henrik"]
[Black "Sandbom, Jonas"]
[Result "1/2-1/2"]
[WhiteElo "2242"]
[BlackElo "2091"]
[PlyCount "32"]
[EventDate "2015.??.??"]
1. e4 e5 2. Nf3 Nc6 3. Bb5 a6 4. Ba4 Nf6 5. O-O Nxe4 6. d4 b5 7. Bb3 d5 8. dxe5
Be6 9. c3 Be7 10. Nbd2 O-O 11. Re1 Nc5 12. Bc2 d4 13. Ne4 dxc3 14. Nxc5 Qxd1
15. Rxd1 Bxc5 16. bxc3 Rad8 1/2-1/2

[Event "Superettan(Rockaden,Umea-Vaxjo)"]
[Site "?"]
[Date "2015.11.06"]
[Round "1"]
[White "Malmstig, Erik"]
[Black "Olofsson-Dolk, Mattis"]
[Result "0-1"]
[WhiteElo "2261"]
[BlackElo "2258"]
[PlyCount "122"]
[EventDate "2015.??.??"]
1. d4 Nf6 2. Nf3 g6 3. g3 Bg7 4. Bg2 d5 5. c4 dxc4 6. Qa4+ c6 7. Qxc4 O-O 8.
O-O Na6 9. Bg5 Be6 10. Qc1 Bd5 11. Rd1 Rc8 12. Nc3 Ne4 13. Nxe4 Bxe4 14. Qe3
Qd5 15. Bxe7 Rfe8 16. Qg5 h6 17. Qh4 Qe6 18. Bh3 f5 19. Ba3 g5 20. Qh5 g4 21.
Bf1 gxf3 22. exf3 Bd5 23. Bh3 Qf7 24. Qxf5 Bxf3 25. Rd3 Be4 26. Qxf7+ Kxf7 27.
Bxc8 Bxd3 28. Bxb7 Re2 29. Rd1 Bc2 30. Rc1 Nc7 31. Bc5 Be4 32. Bxa7 Nb5 33. Bb6
Bxd4 34. Bxd4 Nxd4 35. Kf1 Rxb2 36. Ba6 Nf3 37. h4 Bd5 38. a4 Ra2 39. Bb7 Ne5
40. Rc3 Rxa4 41. f4 Nc4 42. g4 Rb4 43. Bc8 Nd6 44. Bd7 Rxf4+ 45. Ke2 Nc4 46.
Rg3 Ne5 47. Bf5 Be6 48. Bxe6+ Kxe6 49. g5 Rxh4 50. gxh6 Rxh6 51. Kd2 Kd5 52.
Kc3 c5 53. Rg8 Rh3+ 54. Kc2 Kc4 55. Rg2 Kb4 56. Re2 Nc6 57. Rg2 c4 58. Rg4 Rh2+
59. Kc1 Kb3 60. Rg3+ c3 61. Rd3 Nb4 0-1

[Event "Superettan(Kamraterna-Solna)"]
[Site "?"]
[Date "2015.11.06"]
[Round "1"]
[White "Bjarnehag, Peter"]
[Black "Hamark, Jesper"]
[Result "0-1"]
[WhiteElo "2118"]
[BlackElo "2331"]
[PlyCount "174"]
[EventDate "2015.??.??"]
1. Nf3 d6 2. d4 g6 3. c4 Bg7 4. Nc3 Nf6 5. g3 O-O 6. Bg2 Nbd7 7. O-O e5 8. e4
exd4 9. Nxd4 Re8 10. h3 a6 11. Re1 Rb8 12. Bg5 h6 13. Be3 Ne5 14. Qe2 c5 15.
Nc2 Be6 16. Na3 Qa5 17. f4 Nc6 18. Qd2 Nd4 19. Bxd4 cxd4 20. Qxd4 Nd5 21. e5
dxe5 22. fxe5 Nxc3 23. Qxc3 Qxc3 24. bxc3 Bf8 25. Nc2 Bxc4 26. Ne3 Bc5 27. Kh2
Be6 28. Nd5 Red8 29. Rad1 Kg7 30. Rd2 b5 31. Red1 Rd7 32. Nb4 Rxd2 33. Rxd2 Rb6
34. Bd5 a5 35. Nc2 Be7 36. Bxe6 Rxe6 37. Rd5 Rc6 38. Rxb5 Rxc3 39. Rb2 a4 40.
Nd4 Bc5 41. Rd2 Bxd4 42. Rxd4 Rc2+ 43. Kg1 Rxa2 44. Rd7 Kf8 45. Ra7 a3 46. Kh1
Ke8 47. Kg1 Kd8 48. Kh1 Kc8 49. g4 Kb8 50. Ra4 g5 51. Kg1 Kb7 52. Kh1 Kb6 53.
Kg1 Kc6 54. Ra5 Kb6 55. Ra8 Kb5 56. Ra7 Kc4 57. Kh1 Kd4 58. Ra5 Ke4 59. Kg1 Kf3
60. Ra7 Kg3 61. Kf1 Rf2+ 62. Kg1 Rf3 63. Ra6 Kxh3 64. Rxh6+ Kxg4 65. Kg2 Re3
66. Ra6 Rxe5 67. Ra4+ Kh5 68. Rxa3 Rb5 69. Rf3 f5 70. Rh3+ Kg6 71. Ra3 g4 72.
Ra2 Kg5 73. Rc2 Ra5 74. Rb2 Rc5 75. Ra2 Rd5 76. Rb2 Re5 77. Ra2 f4 78. Rb2 Rc5
79. Ra2 Kh4 80. Rb2 Rc1 81. Ra2 f3+ 82. Kf2 Rh1 83. Ra4 Rh2+ 84. Kg1 Rg2+ 85.
Kh1 Rc2 86. Ra1 Kh3 87. Rg1 Rh2# 0-1

[Event "Superettan(Upsala-Rockaden,Sthlm II)"]
[Site "?"]
[Date "2015.11.06"]
[Round "1"]
[White "Bit-Narva, David"]
[Black "Johansson, Thomas"]
[Result "1/2-1/2"]
[WhiteElo "2036"]
[BlackElo "2203"]
[PlyCount "72"]
[EventDate "2015.??.??"]
1. e4 e6 2. Nf3 d5 3. e5 c5 4. c3 Nc6 5. Na3 Nge7 6. Nc2 Nf5 7. d4 cxd4 8. cxd4
Nb4 9. Nxb4 Bxb4+ 10. Bd2 Bxd2+ 11. Qxd2 O-O 12. Bd3 Nh4 13. Nxh4 Qxh4 14. O-O
f5 15. f4 Bd7 16. Qb4 Bc6 17. Bb5 Bxb5 18. Qxb5 Qe7 19. Rac1 Rac8 20. Qa4 b6
21. Rc6 g5 22. fxg5 Qxg5 23. Rxc8 Rxc8 24. Qd7 Rc1 25. Qxe6+ Kf8 26. Qd6+ Ke8
27. Qb8+ Kd7 28. e6+ Kxe6 29. Qe8+ Kd6 30. Qb8+ Kd7 31. Qxa7+ Kc6 32. Qa4+ Kb7
33. Qd7+ Ka6 34. Qa4+ Kb7 35. Qd7+ Ka6 36. Qa4+ Kb7 1/2-1/2

[Event "Superettan(Rockaden,Umea-Vaxjo)"]
[Site "?"]
[Date "2015.11.06"]
[Round "1"]
[White "Lekander, Rolf"]
[Black "Eriksson, Jorgen"]
[Result "1/2-1/2"]
[WhiteElo "2239"]
[BlackElo "2196"]
[PlyCount "76"]
[EventDate "2015.??.??"]
1. c4 e6 2. g3 d5 3. Bg2 Nf6 4. Nf3 Be7 5. O-O O-O 6. b3 b6 7. Bb2 Bb7 8. cxd5
Nxd5 9. d4 Nf6 10. Nbd2 Nbd7 11. Nc4 c5 12. e3 Rc8 13. Qe2 cxd4 14. Bxd4 Qc7
15. Rfd1 Rfd8 16. Bb2 Bd5 17. Rac1 Qb7 18. Ncd2 Nc5 19. Bd4 Nce4 20. Nxe4 Bxe4
21. Ne1 Bxg2 22. Nxg2 Nd7 23. Bb2 Bf6 24. Bxf6 Nxf6 25. f3 h6 26. e4 b5 27. Ne3
Rxd1+ 28. Qxd1 Rxc1 29. Qxc1 Nd7 30. Kf2 Ne5 31. Qc3 f6 32. b4 Qc6 33. Qxc6
Nxc6 34. Nc2 Kf7 35. Ke3 e5 36. a3 Ke6 37. Kd3 h5 38. Ne3 g6 1/2-1/2

[Event "Superettan(Kamraterna-Solna)"]
[Site "?"]
[Date "2015.11.06"]
[Round "1"]
[White "Svenn, Matti"]
[Black "Dalmau, Jorgen"]
[Result "0-1"]
[WhiteElo "2180"]
[BlackElo "2134"]
[PlyCount "62"]
[EventDate "2015.??.??"]
1. d4 Nf6 2. c4 g6 3. Nc3 Bg7 4. g3 O-O 5. Bg2 d6 6. Nf3 Nbd7 7. O-O e5 8. e4
a6 9. h3 b5 10. dxe5 Nxe5 11. c5 Nxf3+ 12. Qxf3 Bb7 13. cxd6 Qxd6 14. a3 Rfe8
15. Bf4 Qb6 16. Rfe1 c5 17. Qe3 Rad8 18. Bg5 Rd4 19. f3 Nd5 20. Nxd5 Rxd5 21.
Qf4 Rd3 22. e5 c4+ 23. Kh2 Rd4 24. Qc1 Rd3 25. Be3 Qc7 26. Bf1 Bxe5 27. Bf4
Rxf3 28. Rxe5 Rxe5 29. Qd2 Qc5 30. Qd8+ Kg7 31. Bxe5+ Qxe5 0-1

[Event "Superettan(Upsala-Rockaden,Sthlm II)"]
[Site "?"]
[Date "2015.11.06"]
[Round "1"]
[White "Burwick, Malte"]
[Black "Alarik, Martin"]
[Result "1/2-1/2"]
[WhiteElo "2228"]
[BlackElo "2021"]
[PlyCount "71"]
[EventDate "2015.??.??"]
1. Nf3 c5 2. c4 Nf6 3. g3 b6 4. Bg2 Bb7 5. O-O e6 6. Nc3 Be7 7. d4 cxd4 8. Qxd4
Nc6 9. Qf4 d6 10. b3 a6 11. Rd1 Qc7 12. Bb2 O-O 13. Rac1 Ne5 14. h3 Rfd8 15. e4
Rac8 16. Qe3 Nxf3+ 17. Bxf3 Nd7 18. Bg2 Qb8 19. Qe2 Re8 20. f4 Nf8 21. a4 Qc7
22. Kh2 Qc5 23. Na2 Qc7 24. Qg4 g6 25. f5 exf5 26. exf5 Nd7 27. Bxb7 Qxb7 28.
fxg6 hxg6 29. Rf1 Bf8 30. Rce1 Ne5 31. Bxe5 dxe5 32. Nc3 Bb4 33. Nd5 Bxe1 34.
Rxe1 Re6 35. Qg5 Rce8 36. Nf6+ 1/2-1/2

[Event "Superettan(Rockaden,Umea-Vaxjo)"]
[Site "?"]
[Date "2015.11.06"]
[Round "1"]
[White "Johansson, David"]
[Black "Alle Wahlin, Ambjorn"]
[Result "1/2-1/2"]
[WhiteElo "2140"]
[BlackElo "2227"]
[PlyCount "84"]
[EventDate "2015.??.??"]
1. e4 e5 2. Nf3 Nc6 3. Bb5 Nf6 4. Nc3 Bb4 5. O-O O-O 6. d3 d6 7. Ne2 Ne7 8. c3
Ba5 9. Ng3 c6 10. Ba4 Ng6 11. Re1 Re8 12. h3 h6 13. d4 Be6 14. b4 Bc7 15. d5
Bd7 16. c4 a5 17. dxc6 bxc6 18. b5 cxb5 19. cxb5 Nf4 20. Be3 d5 21. b6 Bxb6 22.
Bxd7 Nxd7 23. exd5 Nf6 24. d6 Bxe3 25. fxe3 N4d5 26. Nf5 e4 27. N3d4 Kh7 28.
Nb5 Qd7 29. Nfd4 a4 30. Rc1 Rec8 31. Qd2 Rcb8 32. Rb1 Rb6 33. Rec1 Rab8 34. Qa5
Rc8 35. Rxc8 Qxc8 36. Qxa4 Nxe3 37. Re1 Nf5 38. Qa7 Rb7 39. Qa6 Nxd4 40. Nxd4
Qc3 41. Qxb7 Qxe1+ 42. Kh2 Ng4+ 1/2-1/2

[Event "Superettan(Kamraterna-Solna)"]
[Site "?"]
[Date "2015.11.06"]
[Round "1"]
[White "Wallgren, Ulf"]
[Black "Nyberg, Ulf"]
[Result "1-0"]
[WhiteElo "2147"]
[BlackElo "2151"]
[PlyCount "81"]
[EventDate "2015.??.??"]
1. e4 e6 2. d4 d5 3. e5 c5 4. c3 Nc6 5. Nf3 Bd7 6. dxc5 Bxc5 7. b4 Bb6 8. b5
Na5 9. Bd3 Ne7 10. a4 Ng6 11. O-O Qc7 12. Re1 O-O-O 13. Bg5 Rdf8 14. Nbd2 f6
15. exf6 gxf6 16. Bh6 Ne5 17. Nxe5 fxe5 18. Bxf8 Rxf8 19. Rf1 e4 20. Be2 Qf4
21. c4 Bxf2+ 22. Kh1 d4 23. Ra3 d3 24. Bxd3 exd3 25. Rxd3 Qc7 26. Ne4 Bc5 27.
Rxf8+ Bxf8 28. Nf6 Bc6 29. bxc6 Nxc6 30. Ne8 Qe5 31. Nd6+ Kb8 32. Nb5 Be7 33.
Nd4 Nb4 34. Rd2 Qf4 35. Nxe6 Qf6 36. Nd4 a6 37. Qf3 Qh6 38. Rd1 Bc5 39. Nb3 Bb6
40. h3 Qe6 41. Qf8+ 1-0

[Event "Superettan(Rockaden,Umea-Vaxjo)"]
[Site "?"]
[Date "2015.11.06"]
[Round "1"]
[White "Sevastianov, Andrii"]
[Black "Mardell, Jimmy"]
[Result "1/2-1/2"]
[WhiteElo "2149"]
[BlackElo "2114"]
[PlyCount "222"]
[EventDate "2015.??.??"]
1. c4 Nf6 2. g3 c5 3. Bg2 d5 4. cxd5 Nxd5 5. Nc3 Nc7 6. Nf3 Nc6 7. O-O e5 8. a3
Rb8 9. Rb1 Bf5 10. d3 f6 11. Ne1 Be7 12. Nc2 O-O 13. b4 cxb4 14. axb4 Nd4 15.
b5 Nce6 16. Ne3 Bg6 17. Re1 Kh8 18. Nc4 Qd7 19. Ra1 Nxb5 20. Nxb5 Qxb5 21. Rxa7
Bc5 22. Ra5 Qd7 23. Ba3 b5 24. Bxc5 Nxc5 25. Ne3 Bf7 26. Qb1 Nb3 27. Ra3 Nd4
28. Qb4 Rfc8 29. Kf1 Be6 30. Rea1 Nc6 31. Bxc6 Qxc6 32. f3 Qc5 33. Qxc5 Rxc5
34. Ra8 Rcc8 35. Rxb8 Rxb8 36. Ke1 Kg8 37. Kd2 Kf8 38. Kc3 b4+ 39. Kb2 Rc8 40.
Ra4 Rb8 41. Nc2 b3 42. Ne3 g5 43. g4 Ke7 44. Nc4 h6 45. Ra7+ Kf8 46. Rh7 Bxc4
47. dxc4 Rb4 48. Rxh6 Kg7 49. Rh3 Rxc4 50. Kxb3 Rc1 51. Rg3 Kg6 52. Kb2 Rc7 53.
Rg1 e4 54. fxe4 Re7 55. Kc3 Rxe4 56. Kd3 Ra4 57. Ke3 Rb4 58. Kf3 Rf4+ 59. Kg3
Ra4 60. Rf1 Rb4 61. Rf3 Ra4 62. h3 Rb4 63. Rd3 Ra4 64. Kf3 Rf4+ 65. Ke3 Ra4 66.
Rd4 Ra3+ 67. Rd3 Ra4 68. Kf2 Rb4 69. Rd8 Rb3 70. Rd3 Rb4 71. e3 Ra4 72. Rc3 Rb4
73. Kf3 Ra4 74. Rc6 Kg7 75. Rd6 Rb4 76. Rd4 Rb1 77. Rd2 Rh1 78. Kg3 Re1 79. Rd3
Re2 80. h4 gxh4+ 81. Kxh4 Kf7 82. Kg3 Ke6 83. Ra3 Ke5 84. Kf3 Rb2 85. Ra5+ Ke6
86. Kf4 Rb6 87. Rh5 Ra6 88. Kf3 Kf7 89. Rb5 Kg7 90. Rf5 Kg6 91. Rc5 Rb6 92. Ke4
Rb4+ 93. Kf3 Rb6 94. Rd5 Ra6 95. Ke4 Ra4+ 96. Rd4 Ra5 97. Kf4 Ra6 98. Rb4 Rc6
99. Ke4 Ra6 100. Rc4 Re6+ 101. Kf4 Ra6 102. Rc5 Rb6 103. Rf5 Ra6 104. Rb5 Rc6
105. Rd5 Ra6 106. Ke4 Ra4+ 107. Rd4 Ra6 108. Kd5 Ra5+ 109. Kd6 Re5 110. e4 Rg5
111. Rd5 Rxg4 1/2-1/2

[Event "Superettan(Kamraterna-Solna)"]
[Site "?"]
[Date "2015.11.06"]
[Round "1"]
[White "Borvander, Tom"]
[Black "Petersson, Curt"]
[Result "1-0"]
[WhiteElo "2148"]
[BlackElo "1941"]
[PlyCount "87"]
[EventDate "2015.??.??"]
1. d4 d5 2. c4 Nc6 3. cxd5 Qxd5 4. e3 e5 5. Nc3 Bb4 6. Bd2 Bxc3 7. bxc3 Nf6 8.
f3 e4 9. Qb3 Qxb3 10. axb3 O-O 11. c4 b6 12. Bc3 Re8 13. Kf2 Bb7 14. Nh3 a5 15.
Be2 Nb4 16. Rhc1 h6 17. d5 c6 18. Bd4 c5 19. Bxf6 gxf6 20. Nf4 f5 21. Nh5 Re7
22. Rc3 Rd8 23. h3 Bc8 24. Nf4 Rd6 25. Rg1 Kf8 26. g4 Na2 27. Rc2 Nb4 28. Rd2
Nc6 29. Rdd1 Ne5 30. g5 Bd7 31. Rg3 hxg5 32. Rxg5 f6 33. Rh5 Rg7 34. Rh6 Kf7
35. h4 Ng6 36. Nh5 Rg8 37. Rh7+ Ke8 38. Rg1 Kd8 39. Nf4 Be8 40. h5 Ne7 41. Ne6+
Rxe6 42. dxe6 Rxg1 43. Kxg1 Nc8 44. f4 1-0

[Event "Superettan(Upsala-Rockaden,Sthlm II)"]
[Site "?"]
[Date "2015.11.06"]
[Round "1"]
[White "Johansson, Carl Fredrik"]
[Black "Duenas, Alexis"]
[Result "1-0"]
[WhiteElo "2154"]
[BlackElo "1899"]
[PlyCount "63"]
[EventDate "2015.??.??"]
1. d4 f5 2. Nf3 Nf6 3. g3 e6 4. Nbd2 Be7 5. Bg2 O-O 6. O-O d6 7. b3 Ne4 8. Bb2
Nd7 9. Ne1 Ndf6 10. f3 Ng5 11. e3 Qe8 12. Nd3 Qh5 13. Nf2 d5 14. c4 c6 15. Rc1
Bd7 16. Qe2 Rac8 17. Nd3 Bd6 18. Ne5 Bxe5 19. dxe5 Nfe4 20. g4 fxg4 21. fxe4
Nf3+ 22. Nxf3 gxf3 23. Rxf3 Rxf3 24. Qxf3 Qg6 25. Ba3 h6 26. Bd6 dxc4 27. bxc4
c5 28. Rf1 b6 29. Qg3 Qxg3 30. hxg3 Bc6 31. Bf3 Re8 32. Bh5 1-0

[Event "Superettan(Rockaden,Umea-Vaxjo)"]
[Site "?"]
[Date "2015.11.06"]
[Round "1"]
[White "Nygren, David"]
[Black "Moren, Bjorn"]
[Result "1/2-1/2"]
[WhiteElo "2192"]
[BlackElo "2096"]
[PlyCount "139"]
[EventDate "2015.??.??"]
1. e4 d5 2. exd5 Qxd5 3. Nc3 Qd6 4. d4 Nf6 5. Nf3 c6 6. g3 g6 7. Bg2 Bg7 8. O-O
O-O 9. a3 Bg4 10. Re1 Re8 11. h3 Bxf3 12. Bxf3 Na6 13. Bf4 Qd7 14. Kg2 Rad8 15.
Qe2 Nc7 16. Rad1 Ne6 17. Be3 Nd5 18. Nxd5 cxd5 19. c3 h5 20. h4 Qd6 21. Bc1 Bf6
22. Qd3 a6 23. Re2 Ng7 24. Bf4 Qd7 25. Be5 Bxe5 26. dxe5 Qc7 27. e6 f5 28. Bxd5
b5 29. Qf3 Rd6 30. Qf4 Qc5 31. Red2 Red8 32. Bb3 Qc6+ 33. f3 Ne8 34. Qh6 Rxd2+
35. Rxd2 Rxd2+ 36. Qxd2 Qd6 37. Qd4 a5 38. Kf2 Qc6 39. Qd7 Qc5+ 40. Kg2 Kf8 41.
Qd4 Qxd4 42. cxd4 Kg7 43. f4 Nd6 44. Bd5 b4 45. axb4 axb4 46. Kf2 Kf8 47. Ke2
Ke8 48. Kd3 Kd8 49. Bc6 Kc7 50. d5 Ne4 51. Be8 Nxg3 52. Bxg6 Kd6 53. Kd4 b3 54.
Be8 Ne2+ 55. Ke3 Nc3 56. Bxh5 Nxd5+ 57. Kf3 Kxe6 58. Be8 Nb4 59. Ba4 Nd3 60.
Bxb3+ Kf6 61. Ke3 Nxb2 62. Kd4 Kg6 63. Bc2 Kh5 64. Bxf5 Kxh4 65. Bc2 Kg4 66.
Ke4 Nc4 67. Bd1+ Kg3 68. f5 Nd6+ 69. Ke5 Nxf5 70. Kxf5 1/2-1/2

[Event "Superettan(Malmo-Vasteras II)"]
[Site "?"]
[Date "2015.11.06"]
[Round "1"]
[White "Janse, Rasmus"]
[Black "Jobava, Baadur"]
[Result "0-1"]
[WhiteElo "2230"]
[BlackElo "2671"]
[PlyCount "66"]
[EventDate "2015.??.??"]
1. d4 Nf6 2. c4 g6 3. Nc3 Bg7 4. e4 O-O 5. f4 d6 6. Nf3 c5 7. dxc5 dxc5 8. Bd3
Nc6 9. O-O Ne8 10. e5 f6 11. Be4 Qxd1 12. Rxd1 Bg4 13. Bd5+ e6 14. Bxc6 bxc6
15. Re1 Bxf3 16. exf6 Bxf6 17. gxf3 Ng7 18. Ne4 Bd4+ 19. Kg2 Nf5 20. Ng5 Rae8
21. Rxe6 Rxe6 22. Nxe6 Re8 23. Nxd4 Nxd4 24. b3 Nc2 25. Rb1 Re1 26. Kf2 a5 27.
h4 Kf7 28. Kg2 Ke6 29. Kf2 Kf5 30. Kg2 Nb4 31. Ra1 Nd3 32. Bb2 Re2+ 33. Kf1
Rxb2 0-1